Videospiel Charakter - Statistiken

Allgemein
  • Dieses Quiz wurde 428 mal gespielt
  • Das Durchschnittsergebnis liegt bei 7 aus 20
Antwortstatistiken
Bildquiz Antwort % Korrekt
Daisy
88%
Zelda
82%
Buu Huu
54%
Isaac
54%
Reyna
51%
Aloy
45%
Doomfist
45%
Ra
36%
Claptrap
33%
Big Daddy
31%
King
30%
Jak
22%
James De Santa
20%
Pinocchio
19%
John Marston
16%
Zagreus
16%
Bill
15%
Wolf
11%
Captain Price
8%
Professor Weasley
8%
Keine übereinstimmenden Quizze gefunden
Verteilung der Resultate
Anzahl Personen mit jedem Resultat
Perzentil nach korrekt beantworteten Fragen
Ihre Resultats-Entwicklung
Sie haben dieses Quiz noch nicht gespielt